Сборник от задачи и методически указания по съпротивление на материалите (Запис номер 113157)
[ съкратено ]
| 000 -Лидер | |
|---|---|
| Контролно поле с фиксирана дължина | 01493nam a2200313 c 4500 |
| 003 - Код на организацията, давaща контролен номер | |
| Контролно поле | BLK |
| 005 - Дата и час на последна редакция | |
| Контролно поле | 20230912124541.0 |
| 008 - Елементи от данни с фиксирана дължина | |
| fixed length control field | 180409b bul|||||r ||||||| ||bul|| |
| 010 ## - Наследен системен номер | |
| LC control number | KNG00118545000 |
| 040 ## - Източник на каталожния запис | |
| Идентификатор на билиотеката - собственик на записа | BLK |
| 041 ## - Код за език | |
| Код за езика на текст/звукозапис или на отделно заглавие | Български |
| Код за езика КДБФ | Български |
| 080 ## - УДК | |
| Текстов определител УДК | Съпротивление на материалите |
| УДК код - определител по УДК | 539.3/.6 |
| УДК определител | (075.8) |
| УДК - код + определител | 539.3/.6(075.8) |
| 100 1# - Редна дума - Автор | |
| Автор | Манджаков, Стефан П. |
| Авторска отговорност | първи автор |
| R(LIN) | 91918 |
| 139 ## - Редно поле | |
| Редна дума | Сборник от задачи и методически указания по съпротивление на материалите |
| Авторски знак | Сбо - С 23 |
| 245 10 - Сведения за заглавието | |
| Заглавие | Сборник от задачи и методически указания по съпротивление на материалите |
| Подзаглавни данни | За студентите от ВТУЗ |
| Редно поле (дума) | Стефан П. Манджаков; под общ. ред. на Стоян П. Неделчев. |
| 257 ## - Страна на издаване | |
| Страна на създаване/издаване | България |
| 260 ## - Област на издателските данни | |
| -- | София |
| Име на издателя, разпространителя и проч. | Техника |
| Година на издаване | 1989 |
| 300 ## - Физическа характеристика | |
| Страници | 296 с. |
| Илюстрации и др. | с табл., черт., диагр. |
| Размери/Мащаб | 24 см |
| 380 ## - Жанр | |
| Жанр | Естествени науки. Математика |
| 500 ## - Общи забележки | |
| Забележка | 10 088 тир. |
| 650 #4 - Допълнително описание по предмет – тема | |
| Основно описание – тема или топоним | Съпротивление на материалите - задачи - учебници за ВУЗ |
| 9 (RLIN) | 254981 |
| 700 1# - Други автори (авторска отговорност) | |
| Лично име | Неделчев, Стоян П. |
| Автороска отговорност (Описва отношението между автора и произведението) | под общ. ред. на |
| 9 (RLIN) | 312795 |
| 852 ## - Местоположение | |
| Форматна сигнатура | Цб 158388 |
| 856 4# - Електронен адрес и достъп | |
| Електронен формат | pdf - файл |
| Път до файла /url/ | |
| 856 4# - Електронен адрес и достъп | |
| Електронен формат | pdf - файл |
| Път до файла /url/ | |
| 942 ## - АРТИКУЛИ | |
| Вид на библиотечния материал | Книги |
| Скрит в OPAC | Не |
| Koha issues (borrowed), all copies | 2 |
| 944 ## - СЪЗДАВАНЕ И РЕДАКЦИЯ на ЗАПИСА | |
| Създаване/Редакция | Създаване |
| Дата на регистрацията/редакция | 18.11.2016 |
| Служител, извършил регистрацията/редакцията | 30530 |
| Статус, дата на статуса | Минев Младен |
| 944 ## - СЪЗДАВАНЕ И РЕДАКЦИЯ на ЗАПИСА | |
| Създаване/Редакция | Редакция |
| Дата на регистрацията/редакция | 18.11.2016 |
| Служител, извършил регистрацията/редакцията | Правда_Бадева |
| 999 ## - СИСТЕМНИ КОНТРОЛНИ НОМЕРА | |
| Koha biblionumber | 113157 |
| Koha biblioitemnumber | 113157 |
| Код за отписване | Код за изгубен артикул | Източник на класификационната схема | Код за повреда | Коз за рестрикции | Код за отдаване | Артикулен № | Име на библиотеката - собственик | Име на библиотеката, в която се намира в момента | Статус (Текущо местоположение) | Дата на вписване в системата | Местоположение - отдел | Цена в лева | Инвентарен номер | Систематично азбучна сигнатура | Баркод | Номер на екземпляра | Цена в евро | Служебна бележка | Служебен тип на артикула |
|---|---|---|---|---|---|---|---|---|---|---|---|---|---|---|---|---|---|---|---|
| Не е изгубен | Universal Decimal Classification | Не е повреден | без рестрикции | ползва се в читалня | 181319 | Регионална библиотека "Любен Каравелов" Русе | Регионална библиотека "Любен Каравелов" Русе | Хранилище | 1989-01-01 | Хранилище | 1.36 | 518987 | Цб 158388 | 120000518987 | 1 | 0.70 | N: стар фонд Дата: 01.01.1989 | Книги | |
| Не е изгубен | Universal Decimal Classification | Не е повреден | без рестрикции | заемане за дома | 181320 | Регионална библиотека "Любен Каравелов" Русе | Регионална библиотека "Любен Каравелов" Русе | Заемна - подръчен фонд | 1989-01-01 | Заемна - подръчен фонд | 1.36 | 521235 | П 539.3/.6/С 23 | 120000521235 | 2 | 0.70 | N: стар фонд Дата: 01.01.1989 Дата инв: 02.02.2018 Бележки инв: П2018 | Книги | |
| Изтеглен | Не е изгубен | Universal Decimal Classification | Не е повреден | без рестрикции | заемане за дома | 181321 | Регионална библиотека "Любен Каравелов" Русе | Регионална библиотека "Любен Каравелов" Русе | Заемна - подръчен фонд | 1989-01-01 | Заемна - подръчен фонд | 0.00 | 521236 | П 539.3/.6/С 23 | 521236 | 3 | 0.00 | N: стар фонд Дата: 01.01.1989 | Книги |